00200nam a22000857a 4500020001800000100001600018245003800034260003000072300001200102 a9781419717017 aJeff Kinney aDiary of a Wimpy Kid : Old School aU.S.AbAmulet Booksc2015 a217 pgs